| 000 | 00795nam a2200253 a 4500 | ||
|---|---|---|---|
| 005 | 20250116063843.0 | ||
| 008 | 991125s1980 ag 000 0 spa u | ||
| 020 | _a950582338X | ||
| 035 | _aUPN01000131054 | ||
| 049 | _aCG | ||
| 050 | 4 |
_aLB1045 _bL6.68 1980 |
|
| 100 | 1 |
_aLobrot, Michel, _d1924- |
|
| 245 | 1 | 0 |
_aPedagogía institucional : _bla escuela hacia la autogestión / _cMichel Lobrot ; tr. Rubén Masera. |
| 250 | _a2a ed. | ||
| 260 |
_aBuenos Aires : _bHvmanitas, _c1980. |
||
| 300 | _a347 p. | ||
| 440 | 0 | _aGuidance | |
| 534 |
_pTraducción de: _tLa pédagogie institutionnelle |
||
| 650 | 4 |
_aEducación _9682 |
|
| 650 | 4 |
_aEscuelas _xDirección y organización _9346 |
|
| 650 | 4 |
_aPsicología social _95889 |
|
| 650 | 4 |
_aEducación _xAspectos sociales _95311 |
|
| 905 | _aLibro | ||
| 999 |
_c103209 _d103209 |
||